| 000 | 00584cam a2200193 a 4500 | ||
|---|---|---|---|
| 001 | 000007912 | ||
| 005 | 20200929154340.0 | ||
| 008 | 840214s1968 sp 000 f spa | ||
| 040 |
_aDO-SdBNP _bspa _cLC _dBNPHU |
||
| 082 |
_aCu863.4 _bV712ó |
||
| 100 | 1 |
_aVilla, Álvaro de. _921694 |
|
| 245 | 1 | 3 |
_aEl olor de la muerte que viene / _cÁlvaro de Villa. |
| 260 |
_aOviedo, España : _bRichard Grandio, _c1968. |
||
| 300 |
_a427 p. ; _c20 cm. |
||
| 650 | 4 |
_aNovela cubana _92316 |
|
| 650 | 4 |
_aLiteratura cubana _ySIGLO XX _99186 |
|
| 910 | _aCatalogación por copia / LC | ||
| 049 | _aBNGR | ||
| 999 |
_c7690 _d7690 |
||